01181nam a22003377a 45000010005000000030009000050050017000140070003000310080029000340200015000630400031000780820028001091000047001372450082001842640038002663000044003043360027003483370036003753380030004114900016004415210030004575900026004876500036005136500037005497000036005868300016006229100041006389420012006799520137006919990015008280140DO-SdBPM20250807120904.0ta151005b1998 cl 00| 0 spa d a9583005088 a DO-SdBPMbspacBPMSUerda 4aCo863.6bN717i 19982221 aNiño, Jairo Aníbald1941-2010.eautor 13aEl inventor de lunas /cJairo Aníbal Niño ; ilustraciones Silvia Gómez  aColombia :bPanamericana, c1998. a64 páginas :bilustraciones ;c28 cm. atextobtxt2rdacontent asin mediación bnc2rdamedia  avolumen bnc2rdacarrier 0 aColciencias1 aA partir de los 12 años aInventariado, 2025/VM 7aCuentos infantiles colombianos. 7aPróceres vCuentos infantiles.1 aGómez, Silviaeilustraciones  0aColciencias aVMateo V. Control de calidad. BPMSU  2ddccBK 00102ddc708CI-GaBPMETbBPMETd2015-11-19eDonaciónl0oBPMSU CGI Co863.6 N717i 1998pBPMSU15110399r2015-11-19w2015-11-19yBK c8827d8827